| 000 | 00879nam a2200253Ia 4500 | ||
|---|---|---|---|
| 003 | OSt | ||
| 005 | 20220923225447.0 | ||
| 006 | a|||||r|||| 00| 0 | ||
| 007 | ta | ||
| 008 | 220922b |||||||| |||| 00| 0 hin d | ||
| 024 | _a268,470 | ||
| 037 | _cTextual | ||
| 040 |
_aARTS _cARTS _bhin |
||
| 041 |
_2hin _ahin |
||
| 082 | _aQ2:332wM76, 152M1 | ||
| 100 | _aकृष्ण स्वामी नाथन् | ||
| 245 | 0 | _aरमण महर्षि, अनु रमानाथ शास्त्री | |
| 246 | _aRamaṇ hinarṣhi, anu0 ramānāth shāstrī | ||
| 260 |
_aनयी दिल्ली _b नेशनल बुक _c1981 |
||
| 300 |
_a179पृ. _ccm. |
||
| 650 | _aहिन्दू धर्म | ||
| 942 |
_hQ2:332wM76, 152M1 _cTEXL _2CC |
||
| 999 |
_c378387 _d378387 |
||